The city assembled : (Record no. 352329)

000 -LEADER
fixed length control field 01136 a2200313 4500
003 - CONTROL NUMBER IDENTIFIER
control field OSt
005 - DATE AND TIME OF LATEST TRANSACTION
control field 20180116192332.0
008 - FIXED-LENGTH DATA ELEMENTS--GENERAL INFORMATION
fixed length control field 120210t xxu||||| |||| 00| 0 eng d
010 ## - LIBRARY OF CONGRESS CONTROL NUMBER
LC control number 92053424
020 ## - INTERNATIONAL STANDARD BOOK NUMBER
International Standard Book Number 0821219308 :
040 ## - CATALOGING SOURCE
Transcribing agency 0
082 00 - DEWEY DECIMAL CLASSIFICATION NUMBER
Classification number 307.76
100 1# - MAIN ENTRY--PERSONAL NAME
Personal name Kostof, Spiro.
245 14 - TITLE STATEMENT
Title The city assembled :
Remainder of title the elements of urban form through history /
Statement of responsibility, etc. Spiro Kostof with the collaboration of Greg Castillo ; original drawings by Richard Tobias.
250 ## - EDITION STATEMENT
Edition statement 1st North American ed.
260 ## - PUBLICATION, DISTRIBUTION, ETC.
Place of publication, distribution, etc. Boston :
Name of publisher, distributor, etc. Little, Brown,
Date of publication, distribution, etc. c1992.
300 ## - PHYSICAL DESCRIPTION
Extent 320 p. :
Other physical details ill. (some col.) ;
Dimensions 25 cm.
500 ## - GENERAL NOTE
General note "A Bulfinch Press book."
500 ## - GENERAL NOTE
General note Includes bibliographical refrences and indexe
505 ## - FORMATTED CONTENTS NOTE
Formatted contents note 1.The city edge -- 2. Urban divisions -- 3. Public places-- 4. The street-- 5. Urban process.
650 #0 - SUBJECT ADDED ENTRY--TOPICAL TERM
Topical term or geographic name entry element Cities and towns
General subdivision History.
650 #0 - SUBJECT ADDED ENTRY--TOPICAL TERM
Topical term or geographic name entry element City and town life.
650 #0 - SUBJECT ADDED ENTRY--TOPICAL TERM
Topical term or geographic name entry element City planning.
650 #0 - SUBJECT ADDED ENTRY--TOPICAL TERM
Topical term or geographic name entry element Architecture
650 #0 - SUBJECT ADDED ENTRY--TOPICAL TERM
Topical term or geographic name entry element Public spaces
650 #0 - SUBJECT ADDED ENTRY--TOPICAL TERM
Topical term or geographic name entry element Cities and towns
General subdivision Growth
942 ## - ADDED ENTRY ELEMENTS (KOHA)
Institution code [OBSOLETE] SADA
Koha item type Book
Call number prefix 307.76 KOS 1992
Source of classification or shelving scheme
Holdings
Withdrawn status Lost status Source of classification or shelving scheme Damaged status Not for loan Permanent Location Current Location Date acquired Total Checkouts Total Renewals Full call number Barcode Date last seen Date last checked out Cost, replacement price Price effective from Koha item type
          School of Art Design and Architecture (SADA) School of Art Design and Architecture (SADA) 08/31/2010 1 3 307.76 KOS 1992 SADA0000102 09/12/2011 08/09/2011 3919.00 08/05/2011 Book
© 2023 Central Library, National University of Sciences and Technology. All Rights Reserved.